| 000 -LEADER |
| fixed length control field |
00628cam a22001938i 4500 |
| 003 - CONTROL NUMBER IDENTIFIER |
| control field |
OSt |
| 005 - DATE AND TIME OF LATEST TRANSACTION |
| control field |
20240429193109.0 |
| 008 - FIXED-LENGTH DATA ELEMENTS--GENERAL INFORMATION |
| fixed length control field |
160218s2016 nyu b 001 0 eng |
| 020 ## - INTERNATIONAL STANDARD BOOK NUMBER |
| International Standard Book Number |
9781472481733 (pbk. : alk. paper) |
| 082 00 - DEWEY DECIMAL CLASSIFICATION NUMBER |
| Classification number |
724.7 |
| Edition number |
23 |
| 100 1# - MAIN ENTRY--PERSONAL NAME |
| Personal name |
Holbrook, Tom, |
| Relator term |
author. |
| 245 10 - TITLE STATEMENT |
| Title |
Expanding disciplinarity in architectural practice : |
| Remainder of title |
designing from the room to the city / |
| Statement of responsibility, etc |
Tom Holbrook. |
| 260 ## - PUBLICATION, DISTRIBUTION, ETC. (IMPRINT) |
| Place of publication, distribution, etc |
New York |
| Name of publisher, distributor, etc |
Routledge |
| Date of publication, distribution, etc |
2017 |
| 504 ## - BIBLIOGRAPHY, ETC. NOTE |
| Bibliography, etc |
Includes bibliographical references and index. |
| 610 20 - SUBJECT ADDED ENTRY--CORPORATE NAME |
| Corporate name or jurisdiction name as entry element |
5th Studio (Firm) |
| 650 #0 - SUBJECT ADDED ENTRY--TOPICAL TERM |
| Topical term or geographic name as entry element |
Architectural practice. |
| 650 #0 - SUBJECT ADDED ENTRY--TOPICAL TERM |
| Topical term or geographic name as entry element |
Space (Architecture) |
| 942 ## - ADDED ENTRY ELEMENTS (KOHA) |
| Source of classification or shelving scheme |
|